000 00537nam a2200193 a 4500
001 7763
003 CO-ViMGA
008 141112s2004 ck r 000 u spa d
020 _a9500102129
040 _aCO-ViMGA
_bspa
_cCO-ViMGA
082 0 4 _a373.7 M17
100 1 _aTapia, Nelly, Alicia, Carlos
_97273
245 1 0 _aMatematicas 3
260 _aBuenos Aires :
_bÁngel Estrada y Cia S.A.,
_c1994
300 _alxvii, 528 p, il, 23 cm
505 _aMatemáticas 3
650 1 4 _aMatematicas - estudio, ensenanza
_97274
942 _2ddc
_cBK
999 _c19675
_d19675